Datum a čas kvízu
36
Celkem bodů
Celkový počet nahraných bodů na tomto kvízu bez doplňovacích otázek.
3.
Pořadí na kvízu
Konečné umístění týmu na tomto kvízu.
Zaznamenané odpovědi
| # | Otázka | Odpověď | Body | Výsledky |
|---|---|---|---|---|
| 1. | Během lockdownu jsme do kvízů... | Kapitán Demo - Zlatíčka | 1 | |
| 2. | Tuto píseň by měl znát každý.... | Bobby McFerrin | 1 | |
| 3. | Ve vašich tipech na veselé pís... | Folsom | 0 | |
| 4. | Jak se jmenuje interpret této... | Petr Skoumal | 1 | |
| 5. | Tuto píseň nahrály dvě kamarád... | Barbora Poláková, Eva Samková | 1 | |
| 6. | V první ukázce vám může napově... | Petr Janda, Petra Janů | 1 | |
| 7. | Které dvě rockové legendy se p... | Mick Jagger, David Bowie | 0.5 | |
| 8. | I Got You Babe je nesmrtelný h... | Bono | 0 | |
| 9. | Napište jména zpěvačky a zpěvá... | Kylie Minogue, Nick Cave | 1 | |
| 10. | Poslední dvě půlky bodu v tomt... | Orion, Ego | 0.5 |